000 00327 a2200157 4500
001 61991
020 _a9780708866252
040 _cAnchieta - Pituba
100 _aCast, P.C.
240 1 0 _aMarked
_lIng
245 1 0 _aMarked
300 _a348
362 0 _a2007
650 4 _aFicção norte-americana em inglês
942 _cBK
999 _c61991
_d61991